00462nam a2200181Ia 4500003000400000005001700004008004100021020002200062040000700084041000800091082002100099100002100120245004800141260003900189300001700228365001600245650001900261OSt20230410165802.0210423s2015 xx 000 0 und d a978-981-4390-39-2 cAL aeng a333.7 223bCHOE aCHOW (Gregory C) aEconomic analysis of environmental problems aNew JerseybWorld Scientificc2015 axiii,193bHB b3710.4cUSD aLand Economics